Legacy : (Record no. 27987)

000 -LEADER
fixed length control field 01619cam a22003254a 4500
001 - CONTROL NUMBER
control field 14163122
003 - CONTROL NUMBER IDENTIFIER
control field OSt
005 - DATE AND TIME OF LATEST TRANSACTION
control field 20170213104732.0
008 - FIXED-LENGTH DATA ELEMENTS--GENERAL INFORMATION
fixed length control field 051101s2006 waua b 001 0 eng
010 ## - LIBRARY OF CONGRESS CONTROL NUMBER
LC control number 2005031049
020 ## - INTERNATIONAL STANDARD BOOK NUMBER
International Standard Book Number 0295986034 (pbk. : alk. paper)
020 ## - INTERNATIONAL STANDARD BOOK NUMBER
International Standard Book Number 9780295986036
035 ## - SYSTEM CONTROL NUMBER
System control number (OCoLC)ocm62281399
040 ## - CATALOGING SOURCE
Original cataloging agency DLC
Transcribing agency DLC
Modifying agency BAKER
-- C#P
-- IXA
-- DLC
043 ## - GEOGRAPHIC AREA CODE
Geographic area code n-us-wa
050 00 - LIBRARY OF CONGRESS CALL NUMBER
Classification number NX712.K74
Item number L44 2006
082 00 - DEWEY DECIMAL CLASSIFICATION NUMBER
Classification number 700.79/797772
Edition number 22
245 00 - TITLE STATEMENT
Title Legacy :
Remainder of title the Kreielsheimer Foundation /
Statement of responsibility, etc. edited by Paul Dorpat ; preface by Donald L. Johnson ; essays by Paul Dorpat ... [et al.].
250 ## - EDITION STATEMENT
Edition statement 1st ed.
260 ## - PUBLICATION, DISTRIBUTION, ETC. (IMPRINT)
Place of publication, distribution, etc. Seattle :
Name of publisher, distributor, etc. Kreielsheimer Remainder Foundation :
-- University of Washington Press,
Date of publication, distribution, etc. c2006.
300 ## - PHYSICAL DESCRIPTION
Extent xviii, 190 p. :
Other physical details ill. (some col.) ;
Dimensions 27 cm.
504 ## - BIBLIOGRAPHY, ETC. NOTE
Bibliography, etc Includes bibliographical references and index.
610 20 - SUBJECT ADDED ENTRY--CORPORATE NAME
Corporate name or jurisdiction name as entry element Kreielsheimer Foundation
General subdivision Art patronage.
650 #0 - SUBJECT ADDED ENTRY--TOPICAL TERM
Topical term or geographic name as entry element Art patronage
Geographic subdivision Washington (State)
-- Seattle
General subdivision History
Chronological subdivision 20th century.
650 #0 - SUBJECT ADDED ENTRY--TOPICAL TERM
Topical term or geographic name as entry element Arts, American
Geographic subdivision Washington (State)
-- Seattle
Chronological subdivision 20th century.
700 1# - ADDED ENTRY--PERSONAL NAME
Personal name Dorpat, Paul.
856 41 - ELECTRONIC LOCATION AND ACCESS
Materials specified Table of contents
Uniform Resource Identifier <a href="http://www.loc.gov/catdir/toc/ecip062/2005031049.html">http://www.loc.gov/catdir/toc/ecip062/2005031049.html</a>
906 ## - LOCAL DATA ELEMENT F, LDF (RLIN)
a 7
b cbc
c orignew
d 1
e ecip
f 20
g y-gencatlg
942 ## - ADDED ENTRY ELEMENTS (KOHA)
Source of classification or shelving scheme
Koha item type Hard Covered Materials
Classification part NX 712 .K74L44 2006
Holdings
Withdrawn status Lost status Source of classification or shelving scheme Damaged status Not for loan Home library Current library Shelving location Date acquired Source of acquisition Total Checkouts Full call number Barcode Date last seen Price effective from Koha item type
          MACHAKOS UNIVERSITY LIBRARY MACHAKOS UNIVERSITY LIBRARY Technical section 13/02/2017 Donation(B.F.A)   NX 712 .K74L44 2006 35823 16/07/2018 13/02/2017 Hard Covered Materials
© Machakos University Library, Along The Highway, Machakos Wote Rd, Machakos, Kenya P.O. Box 136 - 90100 Machakos - Kenya

Tel: ( +254 ) 723 805829 OR Fax : 044-20353 OR Email: library@mksu.ac.ke